00561nam a22001817a 450000500170000001000240001702000260004103500140006703500180008103700150009903700130011408200110012710000180013824501080015626000430026427000510030730000210035820180108115645.0 a1718EN-30ENG-122004 a9789352645046c699.00 aEN-105536 aB-683010-3028 bAakaradpl bDBAD/PUB a230.35 aShourie, Arun aTwo saints: cby Arun Shoriebspeculations around and about Ramakrishna Paramahamsa and Ramana Maharshi aNoidabHarper Collins Publishersc2017 aA-75, Sector 57bNoida (Uttar Pradesh)e201301 a481p. c24cm(hb)